| 000 | 00809nas a2200265 4500 | ||
|---|---|---|---|
| 001 | BR0100588 | ||
| 003 | BR-BrBNA | ||
| 005 | 20231205102045.0 | ||
| 007 | ta | ||
| 008 | 230509b bl.|||p| |||| 00| 00por d | ||
| 040 |
_aBR-BrBNA _bpor _cBiblioteca Nacional de Agricultura |
||
| 041 | _a(Pt) | ||
| 072 | _aL70 | ||
| 100 | 1 | _aCampos, A.G. | |
| 100 | 1 | _aFerrigno, C.R.A. | |
| 100 | 1 | _aBoccia, J.P. | |
| 100 | 1 | _aXavier, J.G. | |
| 245 | 1 | _aResposta inflamatoria causada pelas fracoes do adesivo de gelatina-resorcina e formaldeido (colagel)em camundongos | |
| 650 | _aCamundongo | ||
| 650 | _aAdesivo | ||
| 650 | _aInflamacao | ||
| 773 | 0 |
_tCiencia Rural (Brazil) _xISSN 0103-8478 _g(Sep-Oct 2000), v. 30(5) p. 835-839 _wBR0100588 |
|
| 909 |
_a202311 _bLúcia _c55 _dLúcia Elande |
||
| 942 |
_2AGRIS _n0 _cANA |
||
| 999 |
_c165501 _d165501 |
||